| 000 | 00561cam a22001931 4500 | ||
|---|---|---|---|
| 001 | BD-DhSAU 7127 | ||
| 003 | BD-DhSAU | ||
| 005 | 20150517164452.0 | ||
| 008 | 770826s1903 enka 000 0 eng | ||
| 040 | _aBD-DhSAU | ||
| 082 |
_222 _a332.8 _bPHT |
||
| 100 | 1 | _aCassel, Gustav, | |
| 245 | 1 | 4 |
_aThe nature and necessity of interest / _cby G. Cassel ... |
| 260 |
_aLondon : _bMacmillan and Co., limited , _aNew York : _bThe Macmillan Company , _c1903. |
||
| 300 |
_axii, 188 p.: _bill. ; _c23 cm. |
||
| 590 | _aIMRAN | ||
| 650 | 0 | _aInterest. | |
| 942 |
_2ddc _cBOOK |
||
| 999 |
_c7127 _d7127 |
||